| 000 | 01394cam a22002891i 4500 | ||
|---|---|---|---|
| 003 | SA-RiAUC | ||
| 005 | 20250420101155.0 | ||
| 008 | 250419s1970 su g 00010 ara c | ||
| 040 |
_aKW-KcNLK _bara _cSA-RiAUC. _erda |
||
| 041 | 1 |
_aara _hund |
|
| 082 | 0 | 4 |
_a245.2 _qSA-RiAUC |
| 090 |
_a245.2 _b ب خ ا |
||
| 100 | 1 |
_aالبخاري، محمد بن إسماعيل بن إبراهيم، _d194-256 هجري _eمؤلف. |
|
| 245 | 1 | 0 |
_aكتاب خلق أفعال العباد والرد على الجهمية وأصحاب التعطيل / _cأبو عبد الله محمد بن إسماعيل بن إبراهيم البخاري ؛ طالعه وترجم له أبي محمد عبد الحق الهاشمي. |
| 246 | 3 | 0 | _aخلق أفعال العباد والرد على الجهمية وأصحاب التعطيل |
| 250 | _aالطبعة الأولى. | ||
| 264 | 1 |
_aمكة المكرمة : _bمكتبة ومطبعة النهضة الحديثة، _c[1970] |
|
| 300 |
_a80 صفحة ؛ _c24 سم |
||
| 336 |
_aنص _btxt _2rdacontent _3كتاب |
||
| 337 |
_aبدون وسيط _bn _2rdamedia |
||
| 338 |
_aمجلد _bnc _2rdacarrier |
||
| 650 | 7 |
_aالفرق الإسلامية _2aucsh |
|
| 650 | 7 |
_aالجهمية (فرقة إسلامية) _2aucsh |
|
| 700 | 1 |
_aالهاشمي، محمد عبد الحق _eمترجم. |
|
| 942 |
_2ddc _cBOOK _n0 |
||
| 949 |
_aSA-JeALM _d250419 _umohamedma123 _n1 |
||
| 999 |
_c7212 _d7212 |
||